Material Science And Metallurgy For Engineers (Record no. 353173)

MARC details
000 -LEADER
fixed length control field 00507nam a2200181Ia 4500
008 - FIXED-LENGTH DATA ELEMENTS--GENERAL INFORMATION
fixed length control field 230718s9999 xx 000 0 und d
020 ## - INTERNATIONAL STANDARD BOOK NUMBER
International Standard Book Number 9788186314008
041 ## - LANGUAGE CODE
Language code of text/sound track or separate title eng
082 ## - DEWEY DECIMAL CLASSIFICATION NUMBER
Classification number 620.11
Item number KOD
100 ## - MAIN ENTRY--PERSONAL NAME
Personal name Kodgire V.D.
245 ## - TITLE STATEMENT
Title Material Science And Metallurgy For Engineers
250 ## - EDITION STATEMENT
Edition statement 46th ed.
260 ## - PUBLICATION, DISTRIBUTION, ETC. (IMPRINT)
Date of publication, distribution, etc. 2021
Name of publisher, distributor, etc. Everest Publishing House
300 ## - PHYSICAL DESCRIPTION
Extent 764
365 ## - TRADE PRICE
Currency code Rs.
Price amount 525.00
700 ## - ADDED ENTRY--PERSONAL NAME
Personal name Kodgire V.D. & Kodgire S.V.
906 ## - LOCAL DATA ELEMENT F, LDF (RLIN)
d O:0774024-Dec-2022B:16921-Dec-2022
c SM
b 1312.5
Holdings
Withdrawn status Lost status Damaged status Not for loan Home library Current library Date acquired Vendor Budget Code Cost, normal purchase price Bill number Total Checkouts Full call number Barcode Date last seen Date last checked out Discount Cost, replacement price Bill Date Koha item type Original Barcode
        Cummins College of Engineering for Women Pune Cummins College of Engineering for Women Pune 24/12/2022 Om Book Stall SM 393.75 169 14 620.11 CCEP-BK-64384 13/12/2025 14/11/2025 1312.5 525.00 21/12/2022 Books 064384